000 00514pab a2200181 454500
008 180718b2009 xxu||||| |||| 00| 0 eng d
100 _aNanda, Satyajeet
245 _aEffect of women's nutritional status on fertility: study of a non-industrial population in Orissa
260 _c2009
300 _ap.525-34.
362 _aOct-Dec
650 _aFertility - India - Orissa
650 _aWomens status - India - Orissa
650 _aWomens status
773 _aMan in India
908 _aN
909 _a86195
999 _c86195
_d86195